Normal view
MARC view
- Rubin, David Krempl, Erhard
Entry Corporate Name
001 - CONTROL NUMBER
- control field: 123617
003 - CONTROL NUMBER IDENTIFIER
- control field: NUST
005 - DATE AND TIME OF LATEST TRANSACTION
- control field: 20240613115002.0
008 - FIXED-LENGTH DATA ELEMENTS
- fixed length control field: 240613|| aca||aabn | a|a d
040 ## - CATALOGING SOURCE
- Original cataloging agency: NUST
- Transcribing agency: NUST
110 ## - HEADING--CORPORATE NAME
- Corporate name or jurisdiction name as entry element: Rubin, David Krempl, Erhard
670 ## - SOURCE DATA FOUND
- Source citation: Work cat.: (NUST): Lai, W. Michael 123616, Introduction to Continuum Mechanics, 2010.
